000 00655nam a2200229Ia 4500
003 OSt
005 20220926003736.0
006 a|||||r|||| 00| 0
007 ta
008 220923b |||||||| |||| 00| 0 eng d
037 _cGeneral Book
040 _aRTL
_cRTL
_beng
041 _2eng
_aeng
082 _aX:8:(Z), P4
100 _aDIXIT Avinash K.
245 0 _aLawlessness and economics
_b Atternative modes of goverance.
260 _a New Delhi
_bOxford University Press.
_c2004
300 _ax,167p.
_ccm.
500 _aIndex: 163- 167.
942 _hX:8:(Z), P4
_cGB
_2CC
999 _c608759
_d608759